The Asphalt handbook

Guardado en:
Detalles Bibliográficos
Formato: Libro
Lenguaje:inglés
Publicado: Lexington : Asphalt Institute, 2010
Edición:7th ed. - 2nd prin.
Colección:Manual series No. 4 (MS-4)
Materias:
Etiquetas: Agregar Etiqueta
Sin Etiquetas, Sea el primero en etiquetar este registro!

MARC

LEADER 00000nam a22000003a 4500
001 0005726
003 SK-STU
005 20150629071609.2
007 ta
008 150626s ----xo-----e------000-0-----d
020 |a 978-1-934154-27-4 
040 |a STU  |b slo 
041 0 |a eng 
044 |a xxu 
245 1 0 |a The Asphalt handbook 
250 |a 7th ed. - 2nd prin. 
260 |a Lexington :  |b Asphalt Institute,  |c 2010 
300 |a 31,788 p. 
490 0 |a Manual series No. 4 (MS-4) 
650 0 7 |a asfalt 
996 |c V* 52117/O-23334  |l VV2  |s P  |a 0  |w 0005726_0001